000 01428nam a22002657a 4500
999 _c1052
_d1052
003 AR-CdUCM
008 190226b ||||| |||| 00| 0 spa d
020 _a9789972288456
040 _aMUNICIPALIDAD PROVINCIAL DEL CUSCO
_cBIBLIOTECA MUNICIPAL DEL CUSCO
082 _a985.613 /
_bEN56
100 _aEncinas Martín, Alfredo
_94113
245 _aHistoria de la provincia de La Convención :
_bHistoria social y religiosa del siglo XX /
260 _aLima :
_b Centro Cultura José Pío Aza;
_b[Grafimag S.R.L]
_c2008.
300 _a437 páginas ;
_c22.5 cm.
505 _aTomo II, contenido: 1° etapa: 1900-1950 -- Realidad religiosa de La Convención en los inicios del siglo XX -- Presencia de los dominicos en la provincia de La Convención -- Servicio pastoral en las parroquias de Quillbamba, Vilcabamba y Quellouno -- Trabajo misionero en el Alto y Bajo Urubamba -- 2° etapa: 1950-2000 -- Respuesta pastoral de los cambios sociales y religiosos en La Convención -- Nuevos aportes a la pastoral convenciana -- Fiestas religiosas en La Convención...
650 _aLa Convención - Historia
_94114
650 _aSiglo XX
_98
650 _aCusco - Perú
_94115
650 _aReligión - Siglo XX
_94116
650 _aSociedad - La Convención
_94117
700 _aPérez Casado, Ángel (Coautor)
_94118
700 _aAlonso Ordieres, Rafael (Coautor)
_94119
942 _2ddc
_cLIBROS
945 _alccs
_d2019-02-26